01793nam a2200277uu 45000010008000000030010000080050017000180070010000350080041000450350012000860400013000980410008001110800006001191000041001252450111001662600035002775020012003125200941003245260008012656500023012736500037012966500024013336500018013577000079013758560061014541573340CO-MdUADB20240729091546.0cr|||||||220713s2022 spa  a1573340 ccomduadb aspa aP10aVanegas Vergara, Alejandro4auteaut13aLa media luna chií de Irán : consideraciones a partir del caso sirio en el contexto de la guerra civil aMedellín :bAutor(a),c2022. b132c14 aRESUMEN : El artículo de investigación da cuenta del papel que ha jugado el conflicto sirio en la composición del denominado arco chiita, como un componente clave en la estrategia geopolítica de Irán en la región de Medio Oriente. Se identifican las principales características del arco chiita centrando su atención en el caso sirio y los objetivos que se persiguen desde el inicio de guerra civil en 2011 por parte de Irán como ventana de oportunidad. Así mismo, se aborda una lectura desde el componente religioso-realista por parte de Irán para ilustrar el peso que tienen estos temas en la alianza de los países y cual es más importante para la existencia de estas relaciones. Finalmente se aborda una posible aproximación de la alianza iraní-siria frente a Israel como antagonista compartido. El artículo es metodológicamente cualitativo y se ha construido a partir de análisis bibliográficos. a134 0aConflicto cultural 72lembaRelaciones internacionales 72lembaGeopolítica 0aMedio Oriente10aSanchez Segura, Javier4ths0(isni)0000000047248282‏0(viaf)4646537eths4 uhttps://bibliotecadigital.udea.edu.co/handle/10495/29716